000 00768nam a22002177a 4500
999 _c3218
_d3218
003 AR-CdUCM
008 190306b ||||| |||| 00| 0 spa d
020 _a84-278-0913-1
040 _aMUNICIPALIDAD PROVINCIAL DEL CUSCO
_cBIBLIOTECA MUNICIPAL DEL CUSCO
082 _a858.8 /
_bSA18L
100 _aSalgari, Emilio
_9800
245 _aEl león de damasco /
260 _aBarcelona :
_bNauta,
_c1984.
300 _a190 páginas ;
_c18 cm.
440 _n3
_910782
505 _aContenido: La sobrina de Alí-Bajá -- La ferocidad de los turcos -- El bajá de Damasco -- El rugido del león de San Marcos --El gran almirante turco -- El capitán tormenta ...
650 _aNovelas italianas
_99329
650 _aSiglo XIX
_9971
942 _2ddc
_cLIBROS
945 _aafb